|
|
|
|
| LEADER |
01486nam a2200373 a 4500 |
| 001 |
32539 |
| 003 |
BD-DhAAL |
| 005 |
20250625164239.0 |
| 008 |
111020s2011 bg b 000 0 eng |
| 010 |
|
|
|a 2011350489
|
| 040 |
|
|
|a DLC
|c DLC
|d DLC
|d BD-DhAAL
|
| 043 |
|
|
|a a-bg---
|
| 050 |
0 |
0 |
|a BP188.18.W65
|b H87 2011
|
| 082 |
|
|
|a 305.48697
|2 22
|
| 100 |
1 |
|
|a Huq, Samia.
|9 25465
|
| 245 |
1 |
0 |
|a Religion and Muslim women :
|b trajectories of empowerment /
|c Samia Huq, Sahida Islam Khondaker.
|
| 260 |
|
|
|a Dhaka :
|b BRAC Development Institute (BDI),
|c c2011.
|
| 300 |
|
|
|a vi, 33 pages ;
|c 24 cm.
|
| 490 |
0 |
|
|a BDI working paper,
|x 2223-0114
|v no. 2/2011
|
| 500 |
|
|
|a "Pathways of Women's Empowerment."
|
| 504 |
|
|
|a Includes bibliographical references (page 33).
|
| 526 |
|
|
|a AAL
|
| 541 |
|
|
|a Complementary Copy
|e 32539
|
| 650 |
|
0 |
|a Muslim women
|x Religious life.
|9 25466
|
| 650 |
|
0 |
|a Muslim women
|x Religious life
|z Bangladesh.
|9 25467
|
| 650 |
|
0 |
|a Women
|x Legal status, laws, etc.
|z Islamic countries.
|9 28586
|
| 650 |
|
0 |
|a Muslim women.
|9 28587
|
| 700 |
1 |
|
|a Khondaker, Sahida Islam.
|9 25468
|
| 710 |
2 |
|
|a BRAC University.
|b Development Institute.
|9 25469
|
| 710 |
2 |
|
|a Pathways of Women's Empowerment Programme.
|9 25470
|
| 852 |
|
|
|a Ayesha Abed Library
|c General stacks
|
| 942 |
|
|
|2 ddc
|c BK
|
| 999 |
|
|
|c 39256
|d 39256
|
| 952 |
|
|
|0 0
|1 0
|2 ddc
|4 0
|6 305_486970000000000_HUQ
|7 0
|9 63107
|a BRACUL
|b BRACUL
|c GEN
|d 2018-04-11
|e Complementary copy
|l 0
|o 305.48697 HUQ
|p 3010032539
|r 2018-04-11
|t 1
|w 2018-04-11
|y BK
|